Lidové podmalby na skle : sbírka Moravského zemského muzea = Hinterglasbilder : die Sammlung des Mährischen Landesmuseums = Reverse painting on glass : collection of the Moravian Museum /

Hlavní autor: Kalinová, Alena, 1955-
Jazyk: Němčina
Čeština
Angličtina
Vydáno: Brno : Moravské zemské muzeum, 2014
Témata:
Fyzický popis: 311 s. : il. (převážně barev.), 1 mapa, faksim. ; 27 cm
Language note: Souběžný anglický a německý text
Knihy
Uloženo v:
LEADER 02378nam a2200589 a 4500
001 nkc20142624223
003 CZ PrNK
005 20141008082009.0
007 ta
008 140912s2014 xr abh f c 000 0 cze
015 |a cnb002624223 
020 |a 978-80-7028-417-9  |q (váz.) 
035 |a (OCoLC)894845803 
040 |a BOA001  |b cze  |d OLA001 
041 1 |a cze  |a eng  |a ger  |h cze 
043 |a e-xr---  |b e-xr-jm  |2 czenas 
045 |a v-x- 
072 7 |a 75  |x Malířství  |2 Konspekt  |9 21 
080 |a 7.031.4  |2 MRF 
080 |a 75.023.1-033.5  |2 MRF 
080 |a 069.5  |2 MRF 
080 |a (437.322)  |2 MRF 
080 |a (048.8)  |2 MRF 
080 |a (083.82)  |2 MRF 
100 1 |a Kalinová, Alena,  |d 1955-  |7 mzk2007401193  |4 aut 
245 1 0 |a Lidové podmalby na skle :  |b sbírka Moravského zemského muzea = Hinterglasbilder : die Sammlung des Mährischen Landesmuseums = Reverse painting on glass : collection of the Moravian Museum /  |c Alena Kalinová 
246 3 1 |a Hinterglasbilder 
246 3 1 |a Reverse painting on glass 
260 |a Brno :  |b Moravské zemské muzeum,  |c 2014 
300 |a 311 s. :  |b il. (převážně barev.), 1 mapa, faksim. ;  |c 27 cm 
504 |a Obsahuje bibliografii a bibliografické odkazy 
546 |a Souběžný anglický a německý text 
648 7 |a 18.-20. století  |7 ch757019  |2 czenas 
650 0 7 |a lidové umění  |7 ph122321  |z Česko  |y 18.-20. stol.  |2 czenas 
650 0 7 |a podmalba na skle  |7 ph803328  |z Česko  |y 18.-20. stol.  |2 czenas 
650 0 7 |a muzejní sbírky  |7 ph137908  |z Česko  |2 czenas 
650 0 9 |a folk art  |z Czechia  |y 18th-20th centuries  |2 eczenas 
650 0 9 |a reverse glass painting  |z Czechia  |y 18th-20th centuries  |2 eczenas 
650 0 9 |a museum collections  |z Czechia  |2 eczenas 
655 7 |a monografie  |7 fd132842  |2 czenas 
655 7 |a katalogy  |7 fd132535  |2 czenas 
655 9 |a monographs  |2 eczenas 
655 9 |a catalogs  |2 eczenas 
610 2 7 |a Moravské zemské muzeum (Brno, Česko)  |7 kn20010709060  |2 czenas 
651 7 |a Brno (Česko)  |7 ge134084  |2 czenas 
651 9 |a Brno (Czechia)  |2 eczenas 
910 2 |a BOA001  |b 3-1331.896 
990 |a BK 
995 |a 01 
991 |b 201410  |c NOV  |j 75/76 KAL  |e n 
996 6 |b 2610604614  |c 3-1331.896  |l MZK  |r Sklad / do 1 hodiny  |n 2  |p p.v.  |w 001455594  |u 000010  |a 1  |e BOA001  |j MZK50  |s P 
996 7 |b 2610604615  |c 3-1331.896  |l Vol.výběr  |r VV 1p  |n 11  |p p.v.  |h 75/76 KAL  |w 001455594  |u 000020  |a 0  |e BOA001  |j MZK50  |s A